Statistics for Top 5 Volunteer Abroad Destinations

Click here to take the quiz!

General Stats

  • This quiz has been taken 29 times
  • The average score is 3 of 5

Answer Stats

Rank Coubtry % Correct
1India
94%
3Thailand
72%
5South Africa
61%
2Peru
39%
4Costa Rica
0%

Score Distribution

Percentile by Number Answered

Percent of People with Each Score

Your Score History

You have not taken this quiz